The rise of German industrial power 1834-1914 (Record no. 207125)

MARC details
000 -LEADER
fixed length control field 00371nam a2200145Ia 4500
008 - FIXED-LENGTH DATA ELEMENTS--GENERAL INFORMATION
fixed length control field 230917s9999||||xx |||||||||||||| ||und||
040 ## - CATALOGING SOURCE
-- 71272
Original cataloging agency VIVEKANANDA LIBRARY
041 ## - Language
-- English
082 ## - DDC NUMBER
Classification number 943 H383R
100 ## - MAIN ENTRY--PERSONAL NAME
Personal name Henderson, W O
245 #4 - TITLE STATEMENT
Title The rise of German industrial power 1834-1914
260 ## - PUBLICATION, DISTRIBUTION, ETC. (IMPRINT)
Place of publication, distribution, etc London
Name of publisher, distributor, etc Temple Smith
Date of publication, distribution, etc 1975
300 ## - PHYSICAL DESCRIPTION
Pages iii, 264 p.
942 ## - ADDED ENTRY ELEMENTS (KOHA)
Koha item type Books
Holdings
Withdrawn status Lost status Damaged status Not for loan Location (home branch) Sublocation or collection (holding branch) Date acquired Koha issues (times borrowed) Koha full call number Accession No. Koha date last seen Koha item type
        VIVEKANANDA LIBRARY VIVEKANANDA LIBRARY 04/02/2003   943 H383R 68621 17/09/2023 Books
© Designed and Maintained by Vivekananda Library, MDU Rohtak